Harry Potter - Severus Snape Quotes - Statistics

General Stats
  • This quiz has been taken 484 times
  • The average score is 5 of 25
Answer Stats
Hint Answer % Correct
Five more points from gryffindor for being an ____________ ____-__-___ insufferable know it all
53%
I can teach you how to bottle fame, ____ _____ and even stopper death... brew glory
51%
DON'T CALL ME ______! Coward
51%
Your ____ is not allowed in hogsmede.`` head
47%
______ Always
41%
Ah, Aunt Bellatrix has been teaching you __________, I see. Occlumency
30%
________ around the place with his friends and admirers Strutting
30%
Then why does it have the name '______ ______' written inside the front cover? Roonil Wazlib
24%
At the end of this lesson we will feed a few drops of this potion to your toad and ___ ____ _______. see what happens
24%
Moronic though some of this class undoubtedly are, I expect you to scrape an 'Acceptable' in your O.W.L or suffer my....__________. displeasure
23%
You are here to learn the subtle science and _____ ___ of potion making. exact art
20%
____....__....__ Look at me
12%
Not unless Miss Granger is _______ ____________ in his ear. hissing instructions
9%
No _____________ ______ from you, Potter! Unforgivable Curses
9%
To me, Potter, you are nothing but a nasty little boy who considers _____ __ __ _______ him. rules to be beneath
8%
Or maybe, he's waiting to hear why you two didn't _____ __ ___ ______ _____. arrive on the school train
7%
He was too __________ arrogant. exceedingly
6%
Ronald Weasley, the boy so solid he cannot Apperate ____ __ ____ across a room. half an inch
5%
He will penetrate your mind with ______ ease. absurd
4%
You might be laboring under the delusion that the _____ ________ _____ is impressed with you. entire wizarding world
4%
The mind is not a book, to be opened at will and ________ __ _______. examined at leisure
4%
I think that you are a ____ ___ _ _____ and that you deserve detention with me every saturday until the end of term. liar and a cheat
3%
You overlook Dumbledores greatest weakness: He has to believe __ ____ __ ______. the best of people
3%
The Dark Arts are many varied ____-_______ ___ ______. ever chainging and eternal
1%
The Dark Lord, for instance, always knows when somebody is _____ __ ___. lying to me
1%
No matching quizzes found
Score Distribution
Percent of People with Each Score
Percentile by Number Answered
Your Score History
You have not taken this quiz